Relacion Juridica y derechos subjetivos/ (Registro nro. 9748)

Detalles MARC
000 -LEADER
fixed length control field 00871nam a2200181Ia 4500
005 - FECHA Y HORA DE LA ÚLTIMA TRANSACCIÓN
control field 20231013153835.0
008 - FIXED-LENGTH DATA ELEMENTS--GENERAL INFORMATION
fixed length control field 231013s9999 xx 000 0 und d
040 ## - CATALOGING SOURCE
Original cataloging agency UPAN
Transcribing agency Biblioteca San Vicente
Description conventions RCAA2
041 ## - LANGUAGE CODE
Language code of text/sound track or separate title spa
082 ## - DEWEY DECIMAL CLASSIFICATION NUMBER
Classification number 340
Item number L264r
año de publicación 2003
110 ## - MAIN ENTRY--CORPORATE NAME
Corporate name or jurisdiction name as entry element Consejo Nacional de la Judicatura
Relator code aut.
245 #0 - TITLE STATEMENT
Title Relacion Juridica y derechos subjetivos/
Statement of responsibility, etc Consejo Nacional de la Judicatura
260 ## - PUBLICATION, DISTRIBUTION, ETC. (IMPRINT)
Place of publication, distribution, etc CNJ:
Name of publisher, distributor, etc El Salvador,
Date of publication, distribution, etc 2003
300 ## - PHYSICAL DESCRIPTION
Extent 94 p.;
Dimensions 21 cm.
505 ## - FORMATTED CONTENTS NOTE
Formatted contents note Unidad 1. La relaciòn jurìdica, Unidad 2. El Derecho subjetivo, Unidad 3. Las Vicisitudes del Derecho Subjetivo, Unidad 4. Los limites del Derecho Subjetivo, Unidad 5. Los limites temporales del Derecho Subjetivo. La Prescipciòn, Unidad 6. La Caducidad, Unidad 7. El negocio juridico, Unidad 8. La ineficiencia del negocio juridico
650 ## - SUBJECT ADDED ENTRY--TOPICAL TERM
Source of heading or term LEMB
General subdivision Derecho
942 ## - ADDED ENTRY ELEMENTS (KOHA)
Koha item type Libros
Source of classification or shelving scheme Dewey Decimal Classification
Existencias
Withdrawn status Lost status Source of classification or shelving scheme Damaged status Not for loan Collection code Home library Current library Date acquired Total Checkouts Full call number Barcode Date last seen Copy number Price effective from Koha item type
    Dewey Decimal Classification     Referencia Biblioteca UPAN San Vicente Biblioteca UPAN San Vicente 13/10/2023   340 L264r 12002008 13/10/2023 01 13/10/2023 Referencia
    Dewey Decimal Classification     Referencia Biblioteca UPAN San Vicente Biblioteca UPAN San Vicente 13/10/2023   340 L264r 12002009 13/10/2023 02 13/10/2023 Referencia